Hololive Talents Meme Quiz - Statistics

General Stats
  • This quiz has been taken 42 times
  • The average score is 9 of 13
Answer Stats
Hint Answer % Correct
Oh, I'm die. Thank you forever. Inugami Korone
92%
a Gawr Gura
89%
Sticking Out Your Gyatt For Nerizzler Koseki Bijou
89%
Boat Goes Binted Gigi Murin
83%
I'm Horny! Houshou Marine
81%
Hi Honey! Hoshimachi Suisei
72%
Says n-word in GTA V Sakura Miko
64%
No Jetpack Raora Panthera
61%
Ground Pounds our Mom Amelia Watson
58%
Good morning motherf*ckers Kiryu Coco
58%
Ha↗️Ha↘️Ha↗️Ha↘️Ha↗️Ha↘️Ha↗️ Usada Pekora
58%
TOMORROW! Ninomae Ina'nis
50%
Nonstop Nut November Ayunda Risu
47%
No matching quizzes found
Score Distribution
Percent of People with Each Score
Percentile by Number Answered
Your Score History
You have not taken this quiz